Sports Quiz

Random Sports or Numbers Quiz

Yankees spring training roster Quiz Stats

 Plays Quiz not verified by Sporcle

Score 0/35 Timer 07:00
0 Plays Today
#(number) player % Correct
2Derek Jeter
77.3%
13Alex Rodriguez
75.8%
20Jorge Posada
57.6%
24Robinson Cano
56.1%
52CC Sabathia
54.5%
42Mariano Rivera
51.5%
25Mark Teixeira
50%
11Brett Gardner
47%
34A.J Burnett
42.4%
28Joe Girardi
40.9%
33Nick Swisher
39.4%
65Phil Hughes
36.4%
62Joba Chamberlain
34.8%
14Curtis Granderson
34.8%
19Ramiro Pena
33.3%
91Alfredo Aceves
31.8%
30David Robertson
31.8%
29Francisco Cervelli
31.8%
#(number) player % Correct
56Tony Pena
30.3%
43Damaso Marte
21.2%
47Ivan Nova
18.2%
48Boone Logan
16.7%
45Sergio Mitre
15.2%
12Eduardo Nunez
15.2%
27Greg Golson
15.2%
40Chan ho Park
15.2%
63Jonathan Albaladejo
12.1%
22Colin Curtis
12.1%
57Mike Harkey
12.1%
54Kevin Long
10.6%
59Rob Thomson
9.1%
50Mick Kelleher
7.6%
60Kevin Russo
6.1%
66Andrew Brackman
4.5%
40Dustin Moseley
4.5%

You're not logged in!

Compare scores with friends on all Sporcle quizzes.
OR
Log In

Show Comments

Extras

Top Quizzes Today


Score Distribution

Your Account Isn't Verified!

In order to create a playlist on Sporcle, you need to verify the email address you used during registration. Go to your Sporcle Settings to finish the process.

Report this User

Report this user for behavior that violates our Community Guidelines.

Details: